Crítica profana : Valle Inclán, Azorín, Ricardo León /

Uloženo v:
Podrobná bibliografie
Hlavní autor: Casares, Julio (autor)
Médium: Kniha
Jazyk:španělština
Vydáno: Buenos Aires, Argentina : Espasa-Calpe, 1946, c1946
Vydání:2a edición
Edice:(Austral ; 469)
Témata:
Tagy: Přidat tag
Žádné tagy, Buďte první, kdo vytvoří štítek k tomuto záznamu!

MARC

LEADER 00000nam^a2200000^a^4500
001 000277928
005 20250521000000.0
008 080624 19461946
009 20260526134408.181
037 |a Acervo Xavier Clavigero 
041 |a ESP 
082 |a 808.  |b AUS V. 469 
100 |a Casares, Julio  |e (autor) 
240 1 1 |a [Crítica profana: Valle Inclán, Azorín, Ricardo León] 
245 1 0 |a Crítica profana :  |b Valle Inclán, Azorín, Ricardo León /  |c J. Casares. 
250 |a 2a edición 
264 4 |a Buenos Aires, Argentina :  |b Espasa-Calpe,  |c 1946, c1946 
300 |a 226 p. 
336 |a texto  |b txt  |2 rdacontenido 
337 |a sin mediación  |b n  |2 rdamedio 
338 |a volumen  |b nc  |2 rdasoporte 
440 1 |a (Austral ;  |v 469) 
649 |a XX 
650 |a Ensayos Españoles 
650 |a Literatura Española -  |y Generación del 98 
650 |a Literatura Española -  |x Historia y Crítica 
650 |a León, Ricardo 
600 |a Valle-Inclán, Ramón del 
600 |a Azorín 
910 |a Fondo General 
920 |a Impresos - Libros 
930 |a Colección General 
940 |a Literatura 
905 |a 101 
901 |a 007453  |b IT1  |c LIT  |u 20250521 
902 |a https://opac.biblio.iteso.mx/vufind/Record/000277928